| 000 | 00499nam a2200181 4500 | ||
|---|---|---|---|
| 001 | 145026 | ||
| 003 | ES-MaACL | ||
| 007 | t| | ||
| 008 | 070214s1986 sp r ||||1| spa d | ||
| 100 | 1 |
_aSotelo, Ignacio. _9107458 |
|
| 245 | 1 | 4 |
_aLos socialistas en el poder / _cIgnacio Sotelo. |
| 260 |
_aMadrid : _bEl País, _c1986. |
||
| 300 |
_a315 p. ; _c21 cm. |
||
| 490 | 1 |
_aEn El País ; _v12 |
|
| 830 | 0 |
_aEn El País _v12 _9177689 |
|
| 852 |
_aES-MaACL _jB-2020 _bR.115132 |
||
| 999 |
_c145026 _d145026 |
||